ਕਥਾਨਗਰ : (Record no. 110857)

MARC details
000 -LEADER
fixed length control field 00942nam a22002417a 4500
005 - DATE AND TIME OF LATEST TRANSACTION
control field 20170123164158.0
010 ## - LIBRARY OF CONGRESS CONTROL NUMBER
LC control number A-339493
020 ## - INTERNATIONAL STANDARD BOOK NUMBER
Terms of availability 25.00
035 ## - SYSTEM CONTROL NUMBER
System control number A-339493
040 ## - CATALOGING SOURCE
Original cataloging agency DPL
Language of cataloging PN
082 ## - DEWEY DECIMAL CLASSIFICATION NUMBER
Classification number
Item number ਫੂਲਚੰ
100 ## - MAIN ENTRY--PERSONAL NAME
Personal name ਫੂਲਚੰਦ ਮਾਨਵ
9 (RLIN) 131975
245 ## - TITLE STATEMENT
Title ਕਥਾਨਗਰ :
Remainder of title ਅਤੇ ਹੋਰ ਕਹਾਣੀਆਂ /
Statement of responsibility, etc ਫੂਲਚੰਦ ਮਾਨਵ
246 ## - VARYING FORM OF TITLE
Title proper/short title Katha nagar : short stories /
Remainder of title by Phoolchand Manav
260 ## - PUBLICATION, DISTRIBUTION, ETC. (IMPRINT)
Place of publication, distribution, etc ਦਿੱਲੀ
Name of publisher, distributor, etc ਆਰਸੀ ਪਬਲਿਸ਼ਰਜ਼
Date of publication, distribution, etc 1987
270 ## - ADDRESS
City ਦਿੱਲੀ
Address ਚਾਂਚਨੀ ਚੈਕ
Postal code 110006
300 ## - PHYSICAL DESCRIPTION
Extent 80p.
Dimensions 19cm(Hb)
650 ## - SUBJECT ADDED ENTRY--TOPICAL TERM
Topical term or geographic name as entry element ਪੰਜਾਬੀ ਸਾਹਿਤ- ਲਘੂ ਕਹਾਣੀਆਂ
9 (RLIN) 8034
650 ## - SUBJECT ADDED ENTRY--TOPICAL TERM
Topical term or geographic name as entry element ਪੰਜਾਬੀ ਸਾਹਿਤ
9 (RLIN) 131976
650 ## - SUBJECT ADDED ENTRY--TOPICAL TERM
Topical term or geographic name as entry element Punjabi Literature- Short stories
9 (RLIN) 8035
650 ## - SUBJECT ADDED ENTRY--TOPICAL TERM
Topical term or geographic name as entry element Punjabi Literature
9 (RLIN) 131977
942 ## - ADDED ENTRY ELEMENTS (KOHA)
Source of classification or shelving scheme Dewey Decimal Classification
Koha item type Punjabi Bks
Classification part
Call number suffix ਫੂਲਚੰ
Holdings
Withdrawn status Lost status Damaged status Not for loan Home library Current library Date acquired Source of acquisition Cost, normal purchase price Total Checkouts Full call number Barcode Date last seen Date checked out Copy number Cost, replacement price Price effective from Koha item type
        Central Library Central Library 09/02/2016 Cen Lib/Ret 25.00 1 ਕ ਫੂਲਚੰ A-339493 15/05/2019 02/05/2019 1 25.00 09/02/2016 Punjabi Bks

© Delhi Public Library
Hit Counter
free hit counter